Statistiques concernant Films d'animation des studios Ghibli les plus vus

Cliquez ici pour prendre le quiz!

Statistiques générales

  • Ce quiz a été pris 1 082 fois
    (357 depuis la dernière actualisation)
  • Le résultat moyen est 6 sur 9

Statistiques - réponses

EntréesFilms% Correct
1 436 845Le Voyage de Chihiro
92%
1 354 340Le Château ambulant
90%
688 663Princesse Mononoké
81%
931 234Le Château dans le ciel
79%
595 195Kiki la petite sorcière
59%
1 490 600*Le Garçon et le Héron
55%
906 455Ponyo sur la falaise
50%
776 769Le Vent se lève
46%
934 073Arrietty et le monde des petits chapardeurs
38%

Distribution des résultats

Percentile par nombre de réponses

% des personnes avec chaque résultat

Votre développement - résultats

Vous n’avez pas pris ce quiz depuis la dernière actualisation